00489nam a2200181 a 4500001001300000003000900013005001700022008004100039020000900080082001400089100002300103245005300126260004800179300000900227500003500236650001300271700002300284nice12345678IN_TiNIC20260116012602.0080526s1932 laha grp 000 0 urd  ac5000a230bBAR2 aBarkatullah, Padri aKalimatullah Ki Taleem (teaching of Jesus Christ aLahorebPunjab Religious Booksociety c1932 a231p aincludes index and biblioraphy aTheology1 aBarkatullah, Padri